County and township map of Vermont and New Hampshire

Saved in:
Bibliographic Details
Main Author: Mitchell, S. Augustus 1792-1868.
Corporate Authors: Wm. M. Bradley & Bros., John Y. Huber Company., David Rumsey Collection., Cartography Associates.
Format: Electronic
Language:English
Published: [1890].
Series:David Rumsey Collection digital maps
Subjects:
Tags: Add Tag
No Tags, Be the first to tag this record!
LEADER 01481nea a2200349Ka 4500
001 012024980-4
005 20090630193809.0
008 060614t18901887paud a s 0 eng d
034 1 |a a  |b 600000  |d W0732600  |e W0703500  |f N0452100  |g N0424200 
035 0 |a ocm70108792 
040 |a CUY  |c CUY 
052 |a 3740 
052 |a 3750 
100 1 |a Mitchell, S. Augustus  |q (Samuel Augustus),  |d 1792-1868. 
245 1 0 |a County and township map of Vermont and New Hampshire  |h [electronic resource] /  |c copyright 1887 by Wm. M. Bradley & Bro. 
255 |a Scale [ca. 1:600,000]  |c (W 73⁰26ʹ--W 70⁰35ʹ/N 45⁰21ʹ--N 42⁰42ʹ). 
260 |c [1890]. 
500 |a Relief shown by hachures. 
500 |a Shows county seats, cities, villages, railroads, etc. 
500 |a Prime meridians: Greenwich and Washington. 
500 |a Scanned raster image of original: 1 map : hand col. ; 55 x 39 cm. 
500 |a Original in the David Rumsey Collection; scanned by Cartography Associates. 
651 0 |a New Hampshire  |v Maps. 
651 0 |a Vermont  |v Maps. 
710 2 |a Wm. M. Bradley & Bros. 
710 2 |a John Y. Huber Company. 
710 2 |a David Rumsey Collection. 
710 2 |a Cartography Associates. 
773 0 |a Mitchell, S. Augustus (Samuel Augustus), 1792-1868.  |t Mitchell's new general atlas.  |d Philadelphia ; St. Louis : John Y. Huber Company, 1890, c1886.  |g p. 18-19.  |w (OCoLC)70047977 
830 0 |a David Rumsey Collection digital maps  |5 net 
988 |a 20090630 
906 |0 OCLC